000 01209nam a22002537a 4500
005 20090602104022.0
008 081126t xxu||||| |||| 00| 0eng d
010 _aENG-93823
020 _a9788189975791
_c250.00
035 _aEN-77356
037 _bDBAD / PUB
040 _aDPL
_bEN
082 _a306.810954
100 _aNagaswami, Vijay
_91969
110 _aखत्री, अयोध्या प्रसाद द्वारा संकलित;रामनिरंजन परिमलेन्दु धावारा संपादित
_91970
245 _aThe 24x7 marriage:
_cby Vijay Nagaswami
_bsmart strategies for good beginnings /
260 _aNew Delhi
_bWestland
_c2008
270 _aF-5, Oklha Industrial Area, Phase-I, Mezznine Floor,
_bNew Delhi
_e110020
300 _ax, 274p.
_c20cm(pbk)
650 _aMarriage
_zIndia
_9621
942 _2ddc
_cEN
_mNAG
_h306.810954
999 _c27123
_d27123